|
|
|
|
| LEADER |
00000cam a22000004a 4500 |
| 001 |
musev2_84016 |
| 003 |
MdBmJHUP |
| 005 |
20230905052638.0 |
| 006 |
m o d |
| 007 |
cr||||||||nn|n |
| 008 |
950531s1995 ksu o 00 0 eng d |
| 010 |
|
|
|z 92029956
|
| 020 |
|
|
|a 9780700631155
|
| 020 |
|
|
|z 9780700607464
|
| 035 |
|
|
|a (OCoLC)1252815000
|
| 040 |
|
|
|a MdBmJHUP
|c MdBmJHUP
|
| 100 |
1 |
|
|a Pangle, Lorraine Smith.
|
| 245 |
1 |
4 |
|a The Learning of Liberty :
|b The Educational Ideas of the American Founders /
|c Lorraine Smith Pangle and Thomas L. Pangle.
|
| 264 |
|
1 |
|a Lawrence, KS :
|b University Press of Kansas,
|c Sept. 1995.
|
| 264 |
|
3 |
|a Baltimore, Md. :
|b Project MUSE,
|c 2021
|
| 264 |
|
4 |
|c ©Sept. 1995.
|
| 300 |
|
|
|a 1 online resource (360 pages).
|
| 336 |
|
|
|a text
|b txt
|2 rdacontent
|
| 337 |
|
|
|a computer
|b c
|2 rdamedia
|
| 338 |
|
|
|a online resource
|b cr
|2 rdacarrier
|
| 490 |
0 |
|
|a American political thought
|
| 506 |
0 |
|
|a Open Access
|f Unrestricted online access
|2 star
|
| 588 |
|
|
|a Description based on print version record.
|
| 650 |
|
7 |
|a Education
|x Philosophy.
|2 fast
|0 (OCoLC)fst00902721
|
| 650 |
|
7 |
|a Education and state
|x Philosophy.
|2 fast
|0 (OCoLC)fst00902852
|
| 650 |
|
0 |
|a Education and state
|z United States
|x Philosophy
|x History
|y 18th century.
|
| 650 |
|
0 |
|a Education
|z United States
|x Philosophy
|x History
|y 18th century.
|
| 651 |
|
7 |
|a United States.
|2 fast
|0 (OCoLC)fst01204155
|
| 655 |
|
7 |
|a History.
|2 fast
|0 (OCoLC)fst01411628
|
| 655 |
|
7 |
|a Electronic books.
|2 local
|
| 700 |
1 |
|
|a Pangle, Thomas L.
|
| 710 |
2 |
|
|a Project Muse.
|e distributor
|
| 830 |
|
0 |
|a Book collections on Project MUSE.
|
| 856 |
4 |
0 |
|z Texto completo
|u https://projectmuse.uam.elogim.com/book/84016/
|